000 00549cam a22002171 4500
001 sa 65007001
003 DLC
005 20260227112146.0
008 890601s1964 ii 000 1 tamo
010 _asa 65007001
035 _a(OCoLC)19795906
040 _aDLC
_cWaU
_dDLC
050 0 0 _aGR305
_b.G55
100 1 _aKōvintan̲, Vai.,
_d1912-1966.
245 1 0 _aPaḷaṅkālak kataikaḷ.
260 _c[1964]
300 _a4 v. in 1
_c19 cm.
500 _aIn Tamil.
650 0 _aTamil (Indic people)
_xFolklore.
650 0 _aTales
_zIndia.
999 _c64987
_d64987